| 000 | 01106nam a22002775i 4500 | ||
|---|---|---|---|
| 001 | 154276 | ||
| 003 | ES-MaACL | ||
| 005 | 20250724063418.0 | ||
| 008 | 960617s1785 it |||| | lat d | ||
| 040 |
_aCYL _bspa _cCYL |
||
| 100 | 1 |
_aGenovesi, Antonio, _d1713-1769 _956347 |
|
| 245 | 1 | 0 |
_aAntonii Genuensis in Regia Neapolitana Academia ... professoris Disciplinarum Metaphysicarum elementa _b: mathematicum in morem adornata ... : tomus primus. |
| 250 |
_aEditio novissima _bab ipso auctore ... reformata... |
||
| 260 |
_aBassani ; _aprostant Venetiis : _bapud Remondini, _c1785. |
||
| 300 |
_aXXIV, 299 p. ; _c8ยบ. |
||
| 595 | 1 | _aDatos de ed. preceden a "tomus primus" | |
| 597 | 1 | _aSign.: a\p8\s, b\p4\s, A-S\p8\s, T\p6\s. | |
| 597 | 1 | _aPort. con grab. xil. | |
| 597 | 1 | _aAntep. | |
| 700 | 1 | 1 |
_aRemondini, Giuseppe, _dfl.1773-1811 _9241383 |
| 740 | 0 | 1 | _aDisciplinarum Metaphysicarum elementa ... tomus primus. |
| 752 |
_aItalia - _dBassano |
||
| 752 |
_aItalia - _dVenecia |
||
| 852 |
_aES-MaACL _jR-894-98 _z-- Enc. perg. _x Olim: G-1263-67 |
||
| 999 |
_c154276 _d154276 |
||